The High Court Criminal Revision No. ..........1995 Arising from Buganda Road Court Criminal Case No. U 807/91 Uganda Vs Mohammed Sekimwanyi and two others (Record no. 4587)

MARC details
000 -LEADER
fixed length control field 00546nam a22001097a 4500
008 - FIXED-LENGTH DATA ELEMENTS--GENERAL INFORMATION
fixed length control field 110706t xxu||||| |||| 00| 0 eng d
010 ## - LIBRARY OF CONGRESS CONTROL NUMBER
LC control number C-DOC F-140
245 ## - TITLE STATEMENT
Title The High Court Criminal Revision No. ..........1995 Arising from Buganda Road Court Criminal Case No. U 807/91 Uganda Vs Mohammed Sekimwanyi and two others
260 ## - PUBLICATION, DISTRIBUTION, ETC. (IMPRINT)
Date of publication, distribution, etc 1995
500 ## - GENERAL NOTE
General note Maureen Owor,<br/> State Attorney <br/>For: Director of Public Prosecutions
Holdings
Withdrawn status Lost status Source of classification or shelving scheme Damaged status Koha normalized classification for sorting Not for loan Location (home branch) Sublocation or collection (holding branch) Shelving location Date acquired Koha issues (times borrowed) Koha full call number Piece designation (barcode) Koha date last seen Price effective from Koha item type
    Dewey Decimal Classification   C_DOC_F140   Law Development Centre Main Library Law Development Centre Main Library Law Reports 07/06/2011   C-DOC F-140 1995/1 07/06/2011 07/06/2011 Administration of Justice Documents